Essential life and work skills : (Record no. 204225)
[ view plain ]
| 000 -LEADER | |
|---|---|
| fixed length control field | 00798nam a2200241Ia 4500 |
| 005 - DATE AND TIME OF LATEST TRANSACTION | |
| control field | 20230921095535.0 |
| 008 - FIXED-LENGTH DATA ELEMENTS--GENERAL INFORMATION | |
| fixed length control field | 210716s2008 xx 000 0 und d |
| 040 ## - CATALOGING SOURCE | |
| Transcribing agency | AIMIT LIBRARY |
| 041 ## - LANGUAGE CODE | |
| Language code of text/sound track or separate title | eng |
| 082 ## - DEWEY DECIMAL CLASSIFICATION NUMBER | |
| Classification number | 374.22 |
| Edition number | 1 |
| Item number | ALIM |
| 100 ## - MAIN ENTRY--PERSONAL NAME | |
| Personal name | Ali, Moi. |
| 9 (RLIN) | 134327 |
| 245 ## - TITLE STATEMENT | |
| Title | Essential life and work skills : |
| Remainder of title | winners manual / |
| Statement of responsibility, etc. | By Moi Ali, George P Boulden and Robert Heller. |
| 250 ## - EDITION STATEMENT | |
| Edition statement | 1st ed. |
| 260 ## - PUBLICATION, DISTRIBUTION, ETC. | |
| Place of publication, distribution, etc. | London : |
| Name of publisher, distributor, etc. | Dorling Kindersley Pvt Ltd , |
| Date of publication, distribution, etc. | 2008. |
| 300 ## - PHYSICAL DESCRIPTION | |
| Extent | 72p. ; |
| Other physical details | HB |
| Dimensions | 18.1 cm |
| 650 ## - SUBJECT ADDED ENTRY--TOPICAL TERM | |
| Topical term or geographic name entry element | General Management |
| 9 (RLIN) | 134328 |
| 651 ## - SUBJECT ADDED ENTRY--GEOGRAPHIC NAME | |
| Geographic name | Marketing effectively |
| 9 (RLIN) | 134329 |
| 651 ## - SUBJECT ADDED ENTRY--GEOGRAPHIC NAME | |
| Geographic name | Thinking creatively |
| 9 (RLIN) | 134330 |
| 651 ## - SUBJECT ADDED ENTRY--GEOGRAPHIC NAME | |
| Geographic name | Communicate clearly |
| 9 (RLIN) | 134331 |
| 700 ## - ADDED ENTRY--PERSONAL NAME | |
| Personal name | Boulden, George P. |
| 9 (RLIN) | 134332 |
| 700 ## - ADDED ENTRY--PERSONAL NAME | |
| Personal name | Heller, Robert. |
| 9 (RLIN) | 134333 |
| 942 ## - ADDED ENTRY ELEMENTS (KOHA) | |
| Source of classification or shelving scheme | Dewey Decimal Classification |
| Koha item type | Book |
| Edition | 1st |
| Call number prefix | 374.22 ALIM |
| Withdrawn status | Lost status | Source of classification or shelving scheme | Damaged status | Not for loan | Collection code | Home library | Current library | Date acquired | Inventory number | Total Checkouts | Full call number | Barcode | Date last seen | Price effective from | Koha item type |
|---|---|---|---|---|---|---|---|---|---|---|---|---|---|---|---|
| Dewey Decimal Classification | MBA | St Aloysius Institute of Management & Information Technology | St Aloysius Institute of Management & Information Technology | 10/31/2009 | Bill no:6242; Bill dt:2009-10-29 | 374.22 ALIM | MBA06791 | 05/23/2026 | 07/16/2021 | Book | |||||
| Dewey Decimal Classification | MBA | St Aloysius Institute of Management & Information Technology | St Aloysius Institute of Management & Information Technology | 10/31/2009 | Bill no:6242; Bill dt:2009-10-29 | 374.22 ALIM | MBA06796 | 05/23/2026 | 07/16/2021 | Book |